Karna (Record no. 220586)
[ view plain ]
| 000 -LEADER | |
|---|---|
| fixed length control field | 01439nam a22002057a 4500 |
| 005 - DATE AND TIME OF LATEST TRANSACTION | |
| control field | 20220427121527.0 |
| 008 - FIXED-LENGTH DATA ELEMENTS--GENERAL INFORMATION | |
| fixed length control field | 211115b ||||| |||| 00| 0 eng d |
| 020 ## - INTERNATIONAL STANDARD BOOK NUMBER | |
| International Standard Book Number | 9788195131792 |
| 040 ## - CATALOGING SOURCE | |
| Transcribing agency | AL |
| 041 ## - LANGUAGE CODE | |
| Language code of text/sound track or separate title | eng |
| 082 ## - DEWEY DECIMAL CLASSIFICATION NUMBER | |
| Edition number | 23 |
| Classification number | 820.33 |
| Item number | MISK |
| 100 ## - MAIN ENTRY--PERSONAL NAME | |
| Personal name | Kevin Missal |
| 9 (RLIN) | 10391 |
| 245 ## - TITLE STATEMENT | |
| Title | Karna |
| Remainder of title | The king of anga |
| 260 ## - PUBLICATION, DISTRIBUTION, ETC. | |
| Place of publication, distribution, etc. | London |
| Name of publisher, distributor, etc. | Simon & Schuster |
| Date of publication, distribution, etc. | 2021 |
| 300 ## - PHYSICAL DESCRIPTION | |
| Extent | 523p. |
| Other physical details | PB |
| Dimensions | 19.5x13cm. |
| 365 ## - TRADE PRICE | |
| Source of price type code | General |
| Price type code | 2795 |
| Price amount | ₹280.00 |
| Currency code | ₹ |
| Unit of pricing | ₹350.00 |
| Price note | 20% |
| Price effective from | 18-10-2021 |
| 520 ## - SUMMARY, ETC. | |
| Summary, etc. | Born in the arms of the Ganga, Vasu grew up in the raging province of Anga. His life shaped by a fate that failed to be just—neglected by his own, stripped of his birthright—he was raised to be lost in an abyss of desires and disappointment.<br/>Cursed by his guru, hurt by the only woman he loved, ostracised from society for being the son of a suta. With his only armour—hope—he ventured on an unforgettable journey. Alone.<br/>This is Vasu’s tale of survival, of endurance, of abiding courage in the face of all adversities. And eventually, of blossoming into the greatest warrior of all time… KARNA.<br/>In an ultimate battle against his archenemy—the insidious, dishonourable and all-powerful, Jarasandha, for a title he knew he deserved.<br/>From a sutaputr to a leader of the people, this is a saga of betrayal, lost love, and glory.<br/>This is the story of the King of Anga. |
| 650 ## - SUBJECT ADDED ENTRY--TOPICAL TERM | |
| Source of heading or term | Fiction |
| Topical term or geographic name entry element | Fiction |
| 9 (RLIN) | 10392 |
| 942 ## - ADDED ENTRY ELEMENTS (KOHA) | |
| Source of classification or shelving scheme | Dewey Decimal Classification |
| Koha item type | Book |
| Withdrawn status | Lost status | Source of classification or shelving scheme | Damaged status | Not for loan | Collection code | Home library | Current library | Date acquired | Source of acquisition | Cost, normal purchase price | Total Checkouts | Full call number | Barcode | Date last seen | Date last checked out | Cost, replacement price | Price effective from | Koha item type |
|---|---|---|---|---|---|---|---|---|---|---|---|---|---|---|---|---|---|---|
| Dewey Decimal Classification | MA English | St Aloysius PG Library | St Aloysius PG Library | 10/27/2021 | Biblios Book Point | 280.00 | 2 | 820.33 MISK | PG023467 | 07/26/2025 | 07/18/2025 | 350.00 | 11/15/2021 | Book |